Teachers' and parents' understanding of the concept of play in child development and education /
محفوظ في:
| المؤلف الرئيسي: | |
|---|---|
| التنسيق: | أطروحة |
| اللغة: | English |
| منشور في: |
Warwick :
Institute of Education, University of Warwick,
2003
|
| الموضوعات: | |
| الوصول للمادة أونلاين: | Click here to view 1st 24 pages of the thesis. Members can view fulltext at the specified PCs in the library. |
| الوسوم: |
إضافة وسم
لا توجد وسوم, كن أول من يضع وسما على هذه التسجيلة!
|
| LEADER | 020380000a22003850004500 | ||
|---|---|---|---|
| 001 | 278727 | ||
| 005 | 20230420112302.0 | ||
| 008 | 040727s2003 enka g 000 0 eng d | ||
| 035 | |a (Sirsi) 278727 | ||
| 040 | |a UIAM |b eng |e rda | ||
| 050 | 0 | 0 | |a LB1139.35.P55 |
| 100 | 0 | |a Mastura Badzis, |e author |9 7616 | |
| 245 | 1 | 0 | |a Teachers' and parents' understanding of the concept of play in child development and education / |c by Mastura Badzis |
| 264 | 1 | |a Warwick : |b Institute of Education, University of Warwick, |c 2003 | |
| 300 | |a xv, various pagings : |b illustrations ; |c 30 cm. | ||
| 336 | |2 rdacontent |a text | ||
| 337 | |2 rdamedia |a unmediated | ||
| 338 | |2 rdacarrier |a volume | ||
| 500 | |a "A thesis submitted in partial fulfilment of the requirements for the Degree of Doctor of Education."--On t.p. | ||
| 502 | |a Thesis (Ph.D.)--University of Warwick, 2003 | ||
| 504 | |a Includes bibliographical references [leaves 204-217]. | ||
| 530 | |a Also available on 4 3/4 in. computer optical disk. | ||
| 650 | 0 | |a Play |9 90127 | |
| 650 | 0 | |a Early childhood education |x Activity programs |9 85977 | |
| 650 | 0 | |a Child development |9 116143 | |
| 650 | 0 | |a Preschool teaching |9 116144 | |
| 650 | 0 | |a Play |x Religious aspects Islam | |
| 655 | 0 | 7 | |a Theses, IIUM foreign |9 13634 |
| 730 | 0 | |a Teachers' and parents' understanding of the concept of play in child development and education (Computer file) |9 116145 | |
| 856 | 4 | |u https://lib.iium.edu.my/mom/services/mom/document/getFile/3GJSbvGNKNxKCl4HHfg88wbrV5Z5JMMq20101004092049484 |z Click here to view 1st 24 pages of the thesis. Members can view fulltext at the specified PCs in the library. | |
| 900 | |a fmy-hj-yab | ||
| 942 | |2 lcc |n 0 | ||
| 999 | |c 431653 |d 463933 | ||
| 952 | |0 0 |6 T LB 001139.35 P55 M423T 2003 |7 0 |8 THESES |9 753721 |a IIUM |b IIUM |c MULTIMEDIA |g 0.00 |o t LB 1139.35 P55 M423T 2003 |p 00000872194 |r 2017-10-19 |t 1 |v 0.00 |y THESIS | ||
| 952 | |0 0 |6 TS CDF LB1139.35P55M423T 2003 |7 0 |8 THESES |9 813792 |a IIUM |b IIUM |c MULTIMEDIA |g 0.00 |o ts cdf LB1139.35P55M423T 2003 |p 11100326190 |r 2017-10-27 |t 1 |v 0.00 |y THESISDIG | ||
